Zvláštnosti transformace ve Východním Německu.
Charakteristika špecifických čęt transformácie ekonomiky v bývalej NDR: dosiahnutie stabilizácie menového kurzu v okamihu vytvorenia monetárnej únie 1. júla 1990, obrovský finančný, technický, právny atď. transfer a transfer kvalifikovanej pracovnej sily. Charakteristika procesu privatizácie a makro...
Na minha lista:
| Autor principal: | |
|---|---|
| Formato: | Capítulo de Livro |
| Idioma: | tcheco |
| Assuntos: | |
| Tags: |
Sem tags, seja o primeiro a adicionar uma tag!
|
MARC
| LEADER | 00000naa a2200000 4500 | ||
|---|---|---|---|
| 001 | r004597 | ||
| 005 | 20221125080958.9 | ||
| 041 | 0 | |a cze | |
| 044 | |a [CS] | ||
| 245 | 1 | 0 | |a Zvláštnosti transformace ve Východním Německu. |c V. Vincentz |
| 520 | |a Charakteristika špecifických čęt transformácie ekonomiky v bývalej NDR: dosiahnutie stabilizácie menového kurzu v okamihu vytvorenia monetárnej únie 1. júla 1990, obrovský finančný, technický, právny atď. transfer a transfer kvalifikovanej pracovnej sily. Charakteristika procesu privatizácie a makroekonomickej politiky v období prechodu. | ||
| 610 | 2 | 0 | |a reformy hospodárske |
| 610 | 2 | 0 | |a kurz menový |
| 610 | 2 | 0 | |a východné Nemecko |
| 610 | 2 | 0 | |a sily pracovné |
| 610 | 2 | 0 | |a privatizácia |
| 610 | 2 | 0 | |a politika hospodárska |
| 610 | 2 | 0 | |a transfer technológie |
| 100 | 1 | |a Vincentz, V. | |